Best Selling Video Games (or Videogames) - Statistics

General Stats
  • This quiz has been taken 1,008 times
  • The average score is 6 of 25
Answer Stats
Copies sold Release year Answer % Correct
300M November 18, 2011 Minecraft
87%
200M September 17, 2013 Grand Theft Auto V
80%
58M September 13, 1985 Super Mario Bros
73%
48M June 14, 1989 Tetris
58%
47.5M February 27, 1996 Pokemon Red/Green/Blue/Yellow
48%
71.3M May 29, 2014 Mario Kart 8
38%
65M October 26,2018 Red Dead Redemption 2
35%
82.9M November 19, 2006 Wii Sports
33%
42M May 22, 1980 Pac-Man
28%
50M May 24, 2016 Overwatch
20%
75M December 20, 2017 PUBG: Battlegrounds
16%
34.6M December 7, 2018 Super Smash Bros. Ultimate
16%
58.7M May 16, 2011 Terraria
16%
30M October 25, 2019 Call of Duty: Modern Warfare
15%
45.8M March 20, 2020 Animal Crossing: New Horizons
14%
50M May 19, 2015 The Witcher 3: Wild Hunt
9%
43.8M December 1, 2007 Wii Fit
9%
33.1M June 25, 2009 Wii Sports Resort
9%
37.4M April 10, 2008 Mario Kart Wii
8%
33.8M March 3, 2017 The Legend of Zelda: Breath of the Wild
8%
30.8M May 15, 2006 New Super Mario Bros
6%
30M February 26, 2016 Stardew Valley
5%
30.3M November 11, 2009 New Super Mario Bros Wii
4%
30M May 16, 2012 Diablo III
3%
50M July 22, 2016 Human: Fall Flat
3%
No matching quizzes found
Score Distribution
Percent of People with Each Score
Percentile by Number Answered
Your Score History
You have not taken this quiz